| 000 | 00911 a2200229 4500 | ||
|---|---|---|---|
| 001 | 43894 | ||
| 005 | 20260407155720.0 | ||
| 008 | 260407a2015 arg spa d | ||
| 003 | AR-UNSa-BCEJYS | ||
| 040 |
_aAR-UNSa-BCEJYS _bspa _cAR-UNSa-BCEJYS |
||
| 080 |
_a330.43 _xEconometría |
||
| 245 | 1 | 0 | _aEl lado oscuro de la econometría |
| 020 | _a978-987-3887-15-4 | ||
| 264 | 1 |
_aBuenos Aires : _bTemas Grupo Editorial _c2015 |
|
| 300 |
_a152 p. _c20 cm. |
||
| 505 | _a1. Los reyes magos son los padres - 2. El paper de un solo número - 3. Esto no es una pipa (pensar la econometría) - 4. Como el vals (enseñar y aprender econometría) - 5. ¿Otra vez arroz? (aplicar la econometría) | ||
| 041 | _aspa | ||
| 942 | _cBK | ||
| 590 | _aniveau_biblio:m niveau_hierar:0 | ||
| 100 | 1 | _aSosa Escudero, Walter | |
| 856 | 4 | 1 |
_uhttps://biblioeco.unsa.edu.ar/pmb/images/libros/L126778.jpg _yImagen de portada _qimage/jpeg |
| 999 |
_c3749 _d3749 |
||